UBT Library

Trasmetuesi Publik (Record no. 60742)

000 -LEADER
fixed length control field 00298nam a22001337a 4500
008 - FIXED-LENGTH DATA ELEMENTS--GENERAL INFORMATION
fixed length control field 251229b ||||| |||| 00| 0 eng d
020 ## - INTERNATIONAL STANDARD BOOK NUMBER
International Standard Book Number 9789951709071
041 ## - LANGUAGE CODE
Language code of text/sound track or separate title eng
080 ## - UNIVERSAL DECIMAL CLASSIFICATION NUMBER
Field link and sequence number 1th
Universal Decimal Classification number 0001
100 ## - Rafti
Rafti 24
101 ## - Shkurtesa
Shkurtesa gaz
245 ## - TITLE STATEMENT
Title Trasmetuesi Publik
Statement of responsibility, etc Ferid Selimi
942 ## - ADDED ENTRY ELEMENTS (KOHA)
Source of classification or shelving scheme
Item type Books

No items available.

UBT Library © 2015-2024. All rights reserved University Education for Business and Technology